| 000 | 00685cam a22001931 4500 | ||
|---|---|---|---|
| 020 | _a9788172338039 | ||
| 082 | 0 | 0 |
_a631.51 _bGIL/SO |
| 100 | 1 |
_aGill, William R. _91043 |
|
| 100 | 1 |
_aVanden Berg, Glen E., _91044 |
|
| 245 | 1 | 0 | _aSoil Dynamics in Tillage and Traction, |
| 260 |
_aNew Delhi _bScientific Publishers (India) _c2013 |
||
| 300 |
_aviii, 511 p. _billus. |
||
| 490 | 1 | _aUnited States. Dept. of Agriculture. Agriculture handbook ; | |
| 500 | _aAgricultural Research Service, U.S. Dept. of Agriculture; [for sale by the Supt. of Docs., U.S. Govt. Print. Off., | ||
| 650 | 0 |
_aSoil dynamics. _91045 |
|
| 650 | 0 |
_aTillage. _91046 |
|
| 650 | 0 |
_aFarm tractors. _91047 |
|
| 942 | _cBK | ||
| 999 |
_c13971 _d13971 |
||